00388nam a2200157Ia 4500008004100000020001800041245003500059245003900094260001500133260001600148260000900164300001400173300002500187300001000212500000800222170705s9999 xx 000 0 und d a9780545081061 aPirates don't change diapers / cby Melinda Long and David Shannon. aNew York : bScholastic, c2007 aunpaged : bcolor illustration ; c28cm. a570